000 00452nam a22001937a 4500
003 MPLRDC
005 20220104143701.0
008 210129b ||||| |||| 00| 0 eng d
020 _a957-33-1733-8
082 _a848.2 XY-12
100 _a小野著
245 _a欢乐大饭店
_c
250 _a初版
260 _a
_b皇冠出版社
_c2000
300 _b
490 _a小野作品;15
650 _a现代别集
942 _cBK
_o848.2 XY-12
999 _c42320
_d42310